Manual de investigación psicológica del delito: el método VERA (Registro nro. 13876)
[ vista simple ]
| 000 -Cabecera | |
|---|---|
| Campo de control de longitud fija | 00961ntm a22003377a 4500 |
| 005 - Fecha y hora de la última transacción | |
| Campo de control | 20260129162923.0 |
| 008 - Elementos de longitud fija--Información general | |
| Campo de control de longitud fija | 260129b2022 xxu||||| |||| 00| 0 spa d |
| 020 ## - International Standard Book Number | |
| Número Internacional Estándar del Libro (ISBN) | 9788436838404 |
| 041 ## - Idioma | |
| Código de idioma | Español |
| 082 ## - Clasificación Decimal Dewey | |
| Número de clasificación | 364.4 S718m3 |
| 100 ## - Entrada principal--Autor personal | |
| Nombre personal | Soto Castro, Juan Enrique |
| 245 ## - Título propiamente dicho | |
| Título | Manual de investigación psicológica del delito: el método VERA |
| 250 ## - Edición | |
| Mención de edición | 3 edición |
| 260 ## - Pie de imprenta | |
| Lugar de publicación, distribución, etc. | España |
| 260 ## - Pie de imprenta | |
| Nombre del editor, distribuidor, etc. | Pirámide |
| 260 ## - Pie de imprenta | |
| Fecha de publicación, distribución, etc. | 2022 |
| 300 ## - Descripción física | |
| Extensión | 171 páginas |
| 490 ## - Serie | |
| Título de la Serie | Investigación Criminal |
| 650 ## - Materia general | |
| Temática (materia general) | PREVENCIÓN DEL CRIMEN |
| 650 ## - Materia general | |
| Temática (materia general) | PSICOLOGÍA |
| 650 ## - Materia general | |
| Temática (materia general) | INVESTIGACIÓN DEL DELITO |
| 650 ## - Materia general | |
| Temática (materia general) | COMPORTAMIENTO CRIMINAL |
| 650 ## - Materia general | |
| Temática (materia general) | MÉTODO VERA |
| 650 ## - Materia general | |
| Temática (materia general) | ANÁLISIS DE LA VÍCTIMA |
| 650 ## - Materia general | |
| Temática (materia general) | ANÁLISIS DE LA ESCENA DEL DELITO |
| 650 ## - Materia general | |
| Temática (materia general) | AUTOR DEL DELITO |
| 650 ## - Materia general | |
| Temática (materia general) | ANALISTA DE CONDUCTA |
| 650 ## - Materia general | |
| Temática (materia general) | PERFILACIÓN CRIMINAL |
| 650 ## - Materia general | |
| Temática (materia general) | PROTOCOLO DE COMUNICACIÓN NO VERBAL |
| 942 ## - Punto de acceso adicional KOHA | |
| Tipo de ítem KOHA | Libro |
| Fuente del sistema de clasificación o colocación | Dewey Decimal Classification |
| Signatura completa | Código de barras | Programa Académico | Tipo de ítem |
|---|---|---|---|
| 364.4 S718m3 | 26110 | Investigación Criminal | Libro |
| 364.4 S718m3 | 26111 | Investigación Criminal | Libro |